Fundamentos de química

Gespeichert in:
Bibliographische Detailangaben
1. Verfasser: Hein, Morris
Weitere Verfasser: Arena, Susan Kim Mora, Ana Cecilia Garduño Sánchez, Gustavo (HerausgeberIn)
Format: Buch
Sprache:Spanisch
Erschienen: Buenos Aires : 2008
Ausgabe:11ª ed.
Katalog:BNM:  Suchergebnis im Bibliothekskatalog
Schulbuchspezifische Eigenschaften:
Schlagworte:
Tags: Tag hinzufügen
Keine Tags, Fügen Sie den ersten Tag hinzu!
Hinzugefügt zu:29.03.2011
Geändert in:11.03.2022

MARC

LEADER 00000cam a22000004a 4500
003 AR-BaBNM
005 20220311155751.0
007 ta
008 110330s2008 ag |||d |||||||||||spa|d
020 |a 978-987-1486-05-2  |q Vol. 1  |a 978-987-1486-07-6  |q Vol. 2 
035 |a 000106092 
040 |a AR-BaBNM  |b spa 
080 |a 546 
100 1 |a Hein, Morris 
245 1 0 |a Fundamentos de química /  |c Morris Hein, Susan Arena 
250 |a 11ª ed. 
260 |a Buenos Aires :  |b Cenage Learning Argentina,  |c 2008 
300 |a 2 v. 
500 |a Ejemplares no. 150489 y 150490 : libros distribuidos por el ME en el marco del PROMEDU 2010 
650 4 |a Enseñanza de la química  |9 7760  |a Educación secundaria  |9 7637 
655 4 |a Libros de texto 
942 |2 udc  |c LIBRO 
700 1 |a Arena, Susan  |a Kim Mora, Ana Cecilia  |a Garduño Sánchez, Gustavo  |e edt 
996 |a D-ME-PROMEDU-2010 
999 |c 132012  |d 132012 
999 |c KOHA-OAI-TEST:132012  |d 132012